| 000 | 00707nam a2200241Ia 4500 | ||
|---|---|---|---|
| 003 | OSt | ||
| 005 | 20220925200643.0 | ||
| 006 | a|||||r|||| 00| 0 | ||
| 007 | ta | ||
| 008 | 220923b |||||||| |||| 00| 0 eng d | ||
| 037 | _cGeneral Book | ||
| 040 |
_aRTL _cRTL _beng |
||
| 041 |
_2eng _aeng |
||
| 082 | _aX 724:(Z2) .N7, L7; L8 | ||
| 100 |
_aMahesh Chandra _9212546 |
||
| 245 | 0 | _aIncome tax law and practice (Incorporating the pro | |
| 250 | _a2nd | ||
| 260 |
_aDelhi _bFrank Brothers India _c1978 |
||
| 300 |
_axiv, 544 Appendix P A1-A71 _ccm. |
||
| 650 | _aIncome Tax Law | ||
| 942 |
_hX 724:(Z2) .N7, L7; L8 _cGB _2CC |
||
| 999 |
_c537354 _d537354 |
||